Digital signal processing /
Guardado en:
| Autor Corporativo: | |
|---|---|
| Otros Autores: | , |
| Formato: | Libro |
| Idioma: | English |
| Publicado: |
New York :
IEEE Press,
[1972]
|
| Series: | IEEE Press selected reprint series
|
| Materias: | |
| Etiquetas: |
Agregar Etiqueta
Sin Etiquetas, Sea el primero en etiquetar este registro!
|
| LEADER | 00965cam a2200265 a 4500 | ||
|---|---|---|---|
| 001 | MAT.inmabb005743 | ||
| 008 | 730301r1972####nyua#####b####001#0#eng## | ||
| 005 | 20170425165754.0 | ||
| 245 | 1 | 0 | |a Digital signal processing / |c Edited by Lawrence R. Rabiner [and] Charles M. Rader. |
| 260 | |a New York : |b IEEE Press, |c [1972] | ||
| 300 | |a ix, 518 p. : |b il. ; |c 28 cm. | ||
| 490 | 0 | |a IEEE Press selected reprint series | |
| 500 | |a "Prepared under sponsorship of the IEEE Audio and Electroacoustics Group." | ||
| 504 | |a Bibliografía: p. 506-512. | ||
| 020 | |a 0879420170 | ||
| 020 | |a 0879420189 (pbk) | ||
| 100 | 1 | |a Rabiner, Lawrence R., |d 1943- |4 edt | |
| 700 | 1 | |a Rader, Charles M. |4 edt | |
| 710 | 2 | |a IEEE Audio and Electroacoustics Group. | |
| 650 | 0 | |a Electric filters, Digital. | |
| 650 | 0 | |a Signal processing |x Digital techniques. | |
| 650 | 0 | |a Fourier transformations. | |
| 010 | |a 72090358 | ||
| 040 | |a DLC |c DLC |d DLC | ||
| 859 | |h 65 |i D574 |p A-4128 |b BIB. MATEMATICA | ||
